Top best 11 of all time (soccer) - Statistics

General Stats
  • This quiz has been taken 189 times
    175 since last reset
  • The average score is 5 of 11
Answer Stats
Hint Answer % Correct
RW Messi
99%
ST Ronaldo
98%
LB Roberto Carlos
64%
CM Diego Maradona
62%
LW Ronaldinho
55%
RB Cafu
51%
CB Franz Beckenbauer
48%
CB Fabio Cannavaro
27%
GK Peter Schmeichel
15%
CDM Patrick Viera
3%
CM Zinedine Zidane
3%
No matching quizzes found
Score Distribution
Percent of People with Each Score
Percentile by Number Answered
Your Score History
You have not taken this quiz since the last reset